logo

Bir Sreshtho Munshi Abdur Rouf Library
Jhenaidah Cadet College

Secrets of power salary negotiating : (Record no. 6352)

MARC details
000 -LEADER
fixed length control field 00883nam a2200301 a 4500
001 - CONTROL NUMBER
JCCL Control Number 6352
003 - CONTROL NUMBER IDENTIFIER
JCCL marc code BD-JhCC
005 - DATE AND TIME OF LATEST TRANSACTION
control field 20180121194113.0
008 - FIXED-LENGTH DATA ELEMENTS--GENERAL INFORMATION
fixed length control field 051118s2001 nju b 001 0 eng d
020 ## - INTERNATIONAL STANDARD BOOK NUMBER
International Standard Book Number 9781564148605
020 ## - INTERNATIONAL STANDARD BOOK NUMBER
International Standard Book Number 1564148602
035 ## - SYSTEM CONTROL NUMBER
system control number (BD-JhCC)6352
040 ## - CATALOGING SOURCE
Original cataloging agency DLC
Transcribing agency DLC
Modifying agency IG#
-- BAKER
-- DLC
-- BD-JhCC
041 ## - LANGUAGE CODE
Language code of Book eng
050 00 - LIBRARY OF CONGRESS CALL NUMBER
Classification number HF5549.5.I6
Item number D39 2006
082 00 - DEWEY DECIMAL CLASSIFICATION NUMBER
Classification number 650.144
DDC Edition number 22
Author mark and Year DAW 2001
100 1# - MAIN ENTRY--PERSONAL NAME
Personal name Dawson, Roger,
Dates associated with a name 1940-
245 10 - TITLE STATEMENT
Title Secrets of power salary negotiating :
Remainder of title inside secrets from a master negotiator /
Statement of responsibility, etc by Roger Dawson.
260 ## - PUBLICATION, DISTRIBUTION, ETC. (IMPRINT)
Place of publication, distribution, etc Franklin Lakes, NJ :
Name of publisher, distributor, etc Career Press,
Date of publication, distribution, etc c2001.
300 ## - PHYSICAL DESCRIPTION
Pagination 240 p. ;
Dimensions 21 cm.
504 ## - BIBLIOGRAPHY, ETC. NOTE
Bibliography, etc Includes bibliographical references and index.
650 #0 - SUBJECT ADDED ENTRY--TOPICAL TERM
Topical term or geographic name as entry element Employment interviewing.
650 #0 - SUBJECT ADDED ENTRY--TOPICAL TERM
Topical term or geographic name as entry element Wages.
650 #0 - SUBJECT ADDED ENTRY--TOPICAL TERM
Topical term or geographic name as entry element Negotiation.
650 #0 - SUBJECT ADDED ENTRY--TOPICAL TERM
Topical term or geographic name as entry element Job hunting.
942 ## - ADDED ENTRY ELEMENTS (KOHA)
Source of classification or shelving scheme Dewey Decimal Classification
Koha item type Books
Holdings
Source of classification or shelving scheme Damaged status Not for loan Home library Current library Shelving location Date of accession Total Checkouts Full call number Barcode Date last seen Date checked out Copy number Koha item type
Dewey Decimal Classification     JCC Rouf Library JCC Rouf Library General Stacks 01/21/2018 1 650.144 DAW 2001 8791 01/26/2025 01/23/2025 C-1 Books

JCC Library | Contacts | JCC Home

Last Update on 23 September 2017
Copyright @ 2017-2020 JCC Rouf Library
Rouf Library, Jhenidah Cadet College (JCC), Bangladesh